[Event "RUS-Cup03 Geller Memorial"]
[Site "Moscow"]
[Date "1999.02.09"]
[Round "8"]
[White "Kiselev, Sergey"]
[Black "Belozerov, Andrei"]
[Result "0-1"]
[WhiteElo "2500"]
[BlackElo "2437"]
[Annotator "Avrukh,B"]
[PlyCount "58"]
[EventDate "1999.02.10"]
[EventType "swiss"]
[EventRounds "9"]
[EventCountry "RUS"]
[SourceTitle "CBM 070"]
[Source "ChessBase"]
[SourceDate "1999.06.08"]
[SourceVersion "1"]
[SourceVersionDate "1999.06.08"]
[SourceQuality "1"]

{[%mdl 16384]} 1. d4 Nf6 2. Nf3 e6 3. e3 b6 4. Bd3 Bb7 5. O-O Be7 6. c4 O-O 7.
Nc3 d5 8. b3 c5 9. Bb2 cxd4 10. exd4 Nc6 11. Qe2 Rc8 12. Rac1 Re8 (12... g6 13.
Qe3 Re8 14. h3 Bf8 15. Rfe1 Bg7 16. Ba3 {[%cal Gc3b5]} e5 (16... a6) 17. Nxd5
Nxd5 18. cxd5 Nxd4 $2 (18... Qxd5 19. Bc4 Qd7 20. dxe5 Nxe5 21. Nxe5 Rxe5 22.
Qf4 {[%csl Gf7] and white still has some pressure.}) 19. Nxd4 Rxc1 $4 (19...
exd4 20. Qxe8+ Qxe8 21. Rxe8+ Rxe8 22. d6 $16) 20. Bxc1 {1-0 Antoshin,
V-Bobotsov,M/Sochi 1966/MCD-r6 (20)}) 13. Rfd1 Bd6 $5 {[%cal Gd6f4][%mdl 8]
New and interesting move in this well-known position.The idea 14...Bf4 very
unpleasant for white,and white didn't find something in order to neutralize
black's idea.} (13... Bf8 14. h3 (14. Bb1 $143 g6 15. Ne5 Bh6 $1 (15... Bg7 16.
h3 Na5 17. Bd3 Nh5 18. Qe3 $14 {1-0 Ermenkov,E-Fedorowicz,J/Lone Pine 1980/
MCD-op (44)}) 16. Nxc6 (16. Rc2 Nb4) 16... Bxc6 17. Rc2 Qd7 $15 {and white has
real problems with the coordination of their piecies. 1/2-1/2 Tokaji,N-Vegh,E/
Budapest 1982/EXT 97 (26)}) 14... g6 15. Qe3 (15. Bb1 $2 Bh6 16. Nd2 dxc4 17.
bxc4 Nxd4 18. Qe1 e5 $19 {0-1 Polgar,Z-Hansen,L/Aabenraa 1989/EXT 89 (35)})
15... Bg7 16. Be2 (16. Bf1 Ne7 {[%cal Ge7f5]} (16... Qd6 17. Ne5 Red8 18. cxd5
Nxd5 19. Nxd5 exd5 (19... Qxd5 $143 20. Bc4 Qd6 21. Nxf7 $1 Kxf7 22. d5 Bxb2
23. dxe6+ Ke7 24. Rxd6 Bxc1 25. Qxc1 Rxd6 26. Qg5+ Ke8 27. Qf6 $36) 20. f4 $6 {
[%csl Ge4]} Re8 21. Qf2 f6 22. Nxc6 Bxc6 23. Bd3 Bh6 $15 {0-1 Silva Sanchez,
C-Tolnai,T/Novi Sad 1990/TD 90\06 (50)}) 17. g4 $5 dxc4 (17... h5 18. Ne5) (
17... Ne4 $5) 18. bxc4 Bxf3 19. Qxf3 Nc6 20. Nb5 $1 (20. d5 exd5 21. cxd5 Ne5
22. Qf4 Nfd7 $13) 20... a6 21. d5 exd5 22. Bxf6 Qxf6 $2 (22... Bxf6 23. Rxd5
Ne5 24. Qg2 axb5 25. Rxd8 Rexd8 {with good chances for black to save this
position.}) 23. Qxf6 Bxf6 24. Nd6 $16 {1-0 Franco,Z-Adla,D/ARG 1992/EXT 92ch 
(36)}) 16... Ne7 17. g4 Ne4 18. Ne5 (18. Nxe4 $140 dxe4 19. Ng5 Bh6 $1) 18...
f6 19. Nf3 Qd6 20. Bd3 {1/2-1/2 Votruba,P-Boensch,U/Budapest 1982/EXT 97 (20)})
14. Nb5 $2 {A terrible move white simply losses two tempo, and no wonder that
black gets advantage in so early part of the game.} (14. Ne5 dxc4 15. bxc4 (15.
Bxc4 Nb4 $15 {[%csl Rd5]}) 15... Nxd4 16. Bxh7+ Nxh7 17. Rxd4 Qg5 {[%csl Gg2]}
18. Ne4 Bxe4 (18... Qxe5 $5 19. f4 Qxd4+ 20. Bxd4 Bxf4 $44) 19. Rxe4 Nf6 20.
Re3 Qh5 $1 $11) 14... Bf4 15. Ra1 (15. Rc3 a6 16. Na3 Nb4 (16... e5 $143 17.
dxe5 Nxe5 18. cxd5 Rxc3 19. Bxc3 Nxd3 20. Qxd3 Nxd5 $15 {[%csl Ra3]}) 17. Bb1
Ne4 $17 {[%csl Ra2]}) 15... a6 16. Na3 $2 {[%mdl 16384]} (16. Nc3 Qc7 $1 (16...
dxc4 17. bxc4 Nb4 18. Bb1 Qc7 19. a3) 17. Re1 $140 (17. Bc1) 17... dxc4 18.
bxc4 Nb4 $17 {[%csl Rc4]}) 16... Nb4 17. Bb1 dxc4 18. bxc4 (18. Nxc4 b5 19.
Nce5 Nbd5 {[%cal Gd5c3] with strategically winning position for black.}) 18...
b5 $1 $17 {[%mdl 32] This very powerful move forces white to open the play and
with so bad piecies on the queenside they has no chances to survive.} 19. cxb5
Qd5 20. bxa6 (20. Qe1 Qh5 21. Qxb4 Bxf3 22. gxf3 Qh3 $19) 20... Bxa6 {[%csl
Ra1,Ra3,Rb1,Rb2]} 21. Qe1 Qh5 (21... Rb8 $143 22. Bc1) 22. h3 (22. Qxb4 $2
Bxh2+ 23. Nxh2 Qxd1+ $19) 22... Bb7 23. Ne5 (23. Qxb4 Bxf3 24. gxf3 Rb8 $1 $19)
23... Red8 (23... Qg5 $143 24. g3 {[%cal Gh3h4]}) 24. Nd3 (24. Bxh7+ Nxh7 25.
Qxb4 Bxg2 $1 26. Kxg2 Bxe5 $40 {[%csl Rg2]}) (24. Nac4 Rxc4 $1 25. Nxc4 Qd5 26.
Qf1 Ba6 27. Nb6 Qc6 $19) 24... Bd6 25. Nxb4 Bxb4 26. Qf1 (26. Bxh7+ Qxh7 (26...
Kxh7 27. Qxb4 Rb8 28. Qd2 Qg6 $17) 27. Qxb4 Rb8 (27... Qe4 $143 28. f3 Qe3+ 29.
Kh1 Bxf3 30. Qe1 $1 Qxe1+ 31. Rxe1 Bd5 $15) 28. d5 Bxd5 29. Nb5 (29. Qc3 Qg6
30. f3 Rdc8 31. Qe5 Bxf3 $17) 29... Qg6 30. g4 Qh7 31. Kh2 Rxb5 32. Qxb5 Nxg4+
33. Kg3 g5 $19 {[%cal Gh7h4]}) 26... Bc3 $1 $19 27. Bxc3 Rxc3 28. Nb5 Rxh3 (
28... Bxg2 {this nice move also win easily f.e:} 29. Kxg2 (29. Qxg2 Qxd1+ $19)
29... Qxh3+ (29... Rxh3 $19) 30. Kg1 Qg4+ 31. Kh2 Rd5 $19 {[%cal Gd5h5]}) 29.
gxh3 Qg5+ {After 30Kh2 black finish the game with nice 30...Ng431hg-Qh4+ with
mate.} 0-1

[Event "GER-ch 70th"]
[Site "Bremen"]
[Date "1998.11.10"]
[Round "5"]
[White "Siegel, Georg"]
[Black "Dautov, Rustem"]
[Result "1/2-1/2"]
[WhiteElo "2495"]
[BlackElo "2625"]
[Annotator "Avrukh,B"]
[PlyCount "93"]
[EventDate "1998.11.06"]
[EventType "swiss"]
[EventRounds "9"]
[EventCountry "GER"]
[SourceTitle "CBM 068"]
[Source "ChessBase"]
[SourceDate "1999.02.01"]
[SourceVersion "1"]
[SourceVersionDate "1999.02.01"]
[SourceQuality "1"]

{[%mdl 2240]} 1. d4 {Dautov} Nf6 2. Nf3 e6 3. c4 b6 4. e3 Bb7 5. Bd3 d5 6. cxd5
exd5 7. O-O Nbd7 (7... Bd6 8. Nc3 (8. b4 {Dautov} O-O 9. Qb3 Qe7 10. b5 a6 11.
Nc3 axb5 12. Nxb5 Nbd7 13. a4 {-E52} c5 14. Ba3 Ba6 $11 {Siegel,G-Lingnau,C/
Budapest 1997}) 8... O-O (8... a6 9. b3 O-O 10. Bb2 Nbd7 11. Rc1 Re8 12. Ne2
Ne4 13. Qc2 c5 14. Ng3 Rc8 15. Qe2 {[%csl Ga6]} b5 16. dxc5 Ndxc5 {[%csl Rd4]}
17. Nf5 (17. Bb1 b4 {[%cal Ga6a5,Gb7a6]} 18. Nf5 Bf8 19. Rfd1 $14) 17... Nxd3
18. Qxd3 Bf8 19. Qd4 f6 $14 {1/2-1/2 Kurajica,B-Karpov,A/Tilburg 1994/CBM 44 
(72)}) 9. b3 Nbd7 10. Bb2 c5 11. Rc1 Qe7 12. Bf5 $6 Rad8 13. Qd3 a6 14. Rfd1
Rfe8 15. Qf1 Bb8 {with nice play for black 0-1 Piskov,Y-Grosar,A/Formia 1995/
EXT 95op (26)}) (7... Be7 8. b4 $5 O-O 9. Qb3 c6 10. a4 a5 11. bxa5 (11. b5 c5
12. Qc2 $5) 11... Rxa5 12. Ba3 Nbd7 13. Nbd2 Bxa3 14. Qxa3 Ra7 15. Bc2 Re8 16.
Rfb1 g6 17. Rb2 Qc7 18. Rba2 Rea8 19. Qc3 c5 $132 {1-0 Hellsten,J-Linauskas,D/
Polanica Zdroj 1995/EXT 95op (60)}) 8. b3 Bd6 9. Ba3 $6 {Not the best place
for white's bishop.} (9. Nc3 $142) 9... c5 {'!' Dautov.} (9... Bxa3 {Dautov}
10. Nxa3 c5 11. Nb5 $14) (9... O-O {Dautov} 10. Bxd6 cxd6 11. Nc3 $14) 10. Nc3
O-O {'=' Dautov.} 11. Rc1 Qe7 (11... Re8 12. Rc2 $2 (12. Qe2) 12... Ne4 13.
dxc5 Ndxc5 14. Nb5 Bf8 15. Be2 a6 16. Nbd4 Nxb3 $1 17. Bxf8 Nxd4 18. Qxd4 Rxf8
$17 {1/2-1/2 Dymerski,H-Siekanski,J/Naleczow 1989/EXT 89op2 (35)}) 12. Qe2 {
[%cal Gd3a6] Dautov: '/\Ba6'} (12. Nb5 {Dautov} Bb8 13. Qc2 a6 (13... Ne4 $5
14. Rfd1 a6 15. Nc3 f5 $132) 14. Nc3 Bd6 15. Bf5 g6 16. Bh3 Rac8 $11) 12...
Rad8 {'!' Dautov.} (12... Rac8 {Dautov} 13. Ba6 Bxa6 14. Qxa6 $14) (12... a6 {
Dautov} 13. Rfd1 Ne4 14. dxc5 Nxc3 (14... bxc5 $2 15. Bxe4 dxe4 16. Qd2 exf3
17. Qxd6 $16) 15. Rxc3 bxc5 $11) 13. Rfd1 (13. Bf5 $5 {Dautov}) 13... Ne4 14.
Ba6 $2 {[%mdl 16384]} (14. Nb5 Bb8 15. dxc5 bxc5 16. Bxe4 dxe4 17. Nd2 $13 {
[%csl Gb7,Gb8,Rc5][%cal Gd2f1]}) 14... Ba8 {[%csl Ra6,Ga8,Gd6,Ge4]} 15. dxc5 {
'?!' Dautov.} (15. Nb5 Bb8 16. Nd2 f5 $1 $36 {'=/+' Dautov. Dautov: 'ץa6'}) (
15. Bb2 $11 {Dautov}) 15... Nxc3 16. Rxc3 bxc5 $15 17. Rdc1 $2 {Dautov: '/\Bb5'
} (17. Bd3 Rfe8 18. Qc2 $15) 17... Rfe8 {[%cal Gd5d4] Dautov: '/\d4'} 18. R3c2
d4 {Just in time. '!' Dautov.} 19. Bb5 {'!' Dautov.} (19. exd4 Qf6 $1 (19...
Bxf3 $2 20. Qxe7 (20. Qxf3 $2 c4 $3 $19 {[%cal Ge7e1,Gd6a3]}) 20... Bxe7 (20...
Rxe7 $2 21. gxf3 $16) 21. gxf3 cxd4 22. Bxe7 Rxe7 23. Rc7 $14) 20. Ne5 Nxe5 21.
dxe5 Bxe5 {[%cal Ra8g2,Re5h2] with decisive attack}) 19... a6 $1 (19... dxe3
$143 20. fxe3 (20. Bxd7 $2 Rxd7 21. fxe3 Rc7 $5 $15 {[%csl Ga8,Gd6]} (21...
Qxe3+ $2 22. Qxe3 Rxe3 23. Bxc5 Bxc5 24. Rxc5 Rd8 25. Rc8 Rde8 26. Rxe8+ Rxe8
27. Rc7 a6 28. Ra7 $16)) 20... Qxe3+ $2 (20... a6 $1 {As was in the game.}) 21.
Qxe3 Rxe3 22. Bxd7 (22. Kf2 $4 Re7 23. Bxd7 Rexd7 24. Bxc5 Bxf3 25. Kxf3 Bxh2
$17) 22... Rxd7 23. Bxc5 $16) (19... Qf6 $5 {Dautov} 20. Rd2 Qh6 21. h3 $15)
20. Bxa6 (20. Bxd7 $140 Rxd7 21. Bxc5 $2 d3 $19 {[%cal Gd6h2]}) (20. Ba4 {
Dautov} Qf6 $5 (20... Nb6 21. Bxe8 d3 22. Qxd3 (22. Qf1 $2 dxc2 $19) 22...
Bxh2+ 23. Kxh2 Rxd3 24. Bxc5 Qc7+ 25. Kg1 Bxf3 26. gxf3 Qd8 27. Bd4 Rxd4 28.
exd4 Qxe8 29. Rc6 $11) 21. Rd2 Qh6 $17) 20... Bxf3 (20... Ne5 {Dautov} 21. Ne1
$1) 21. Qxf3 Ra8 {[%csl Ra3] '!' Dautov.} (21... d3 {Dautov} 22. Bxd3 (22. Rd2
$2 Ra8 23. Qc6 Ne5 24. Qa4 Qe6 $19) 22... Ne5 23. Bxh7+ Kxh7 24. Qh5+ Kg8 25.
Rd1 $1 $15 (25. Bxc5 $2 Bxc5 26. Rxc5 g6 $1 (26... Nd3 $2 27. Rc7) 27. Qe2 Nd3
$19)) 22. Qe2 {'[]' Dautov.} (22. Qc6 Ne5 23. Qb6 (23. Qa4 {Dautov} dxe3 24.
fxe3 Nd3 $19) 23... dxe3 $40 {[%cal Ge5g4]}) (22. Qb7 {Dautov} Reb8 $19) 22...
dxe3 (22... Qe6 {Dautov} 23. g3 $8 $13) 23. fxe3 Qh4 $4 {[%mdl 8192] '?'
Dautov.} (23... Nb8 $1 24. Bb5 Rxa3 25. Bxe8 Qxe8 $17 {[%cal Gb8c6,Gc6e5]} (
25... Qxe8 {Dautov} 26. Rd1 Qe5 27. g3 Nc6 28. Rcd2 Be7 $17)) 24. g3 (24. h3 $2
{Dautov} Qg3 $19) 24... Bxg3 25. Bb5 {'!' Dautov.} (25. hxg3 $2 Qxg3+ 26. Qg2
Qxe3+ 27. Qf2 Qxf2+ (27... Rxa6 {Dautov} 28. Qxe3 Rxe3 29. Bxc5 Nxc5 30. Rxc5
h6 $17) 28. Kxf2 Rxa6 $19) 25... Bf4 $2 {'(+)?' Dautov.} (25... Rxa3 26. Bxd7
Rd8 (26... Re7 $2 27. Rxc5 Rxd7 28. Rc8+ Rd8 29. Rxd8+ Qxd8 30. hxg3 $16) 27.
Rxc5 Bd6 28. Rc8 Ra8 $44 {[%csl Rg1]} (28... Bf8 $44 {Dautov})) 26. Bxd7 $2 {
'??' Dautov.} (26. Bxc5 $3 $16 Rad8 $8 (26... Nxc5 27. Bxe8 Rxe8 (27... Qg5+
28. Kh1 Qd5+ (28... Bxe3 29. Bc6 {[%cal Gc6g2] Defense!  '+-' Dautov.}) 29. Qg2
$18) 28. Rxc5 Bxe3+ 29. Qxe3 $18) (26... Qg5+ {Dautov} 27. Kh1 Bxe3 28. Bxd7
Bxc1 (28... Qd5+ 29. Qg2 Qxd7 30. Bxe3 $18) 29. Bxe8 Qd5+ 30. Kg1 Qg5+ 31. Kf1
Qf5+ 32. Bf2 $18) 27. Qf3 $1 {'+/-' Dautov.} (27. Rc3 Re5 28. Bxd7 Rxd7 29. Kh1
Bxh2 30. Qxh2 Qe4+ 31. Qg2 (31. Kg1 Qg4+ 32. Qg2 Rd1+ $19) 31... Qh4+ $11)
27... Bh6 28. Rf1 Ne5 29. Qg3) 26... Rxe3 {'?' Dautov.} (26... Bxe3+ $142 27.
Kh1 Re7 $1 (27... Bxc1 $2 28. Bxe8 Bxa3 29. Bxf7+ $1 Kh8 $13 (29... Kxf7 $2 30.
Qf3+ $18 {[%cal Rf3a8]})) 28. Bxc5 (28. Qg4 {Dautov} Qxg4 29. Bxg4 Rxa3 $17)
28... Bxc5 29. Qg4 Re1+ 30. Rxe1 Qxe1+ 31. Kg2 Qg1+ 32. Kh3 Qe3+ 33. Qg3 Qh6+
34. Qh4 $8 (34. Kg2 $2 Bd6 $19 {[%cal Gh6g6,Rg6c2,Rh6h2]}) 34... Qg6 35. Rd2 (
35. Rxc5 Qd3+ 36. Qg3 Qxd7+ $40) 35... Qb1 $15 {[%csl Ra2,Rh3][%cal Gb1f1]
White king is not so safety.Black's attack is very unpleasant.}) 27. Qc4 (27.
Qf2 {Dautov} Qg5+ 28. Qg2 Qxg2+ 29. Rxg2 Rxa3 30. Rxc5 g5 $11) 27... Re4 (27...
Rxa3 28. Qxc5 (28. Rf1 $1 {Dautov} Re4 (28... g5 29. Qxc5 $13) 29. Qxc5 Ra8 30.
Qc8+ Re8 31. Qc4 $11) 28... Re1+ 29. Rxe1 Qxe1+ 30. Kg2 Qe4+ 31. Kf1 Qf3+ {
'-/+' Dautov.} (31... g6 $17) 32. Qf2 Qd3+ 33. Kg2 Qe4+ (33... Qxd7 34. Qxf4
Ra8 $13) 34. Kf1 {[%cal Gd7c6]} Qh1+ 35. Qg1 Qf3+ 36. Qf2 $11) 28. Qxe4 Bxh2+
29. Rxh2 Qxe4 30. Bxc5 $13 {[%csl Rg1][%mdl 1024] In case if white's king were
safed better -white would has winning position.But there is no safe place for
him on all the board!} Qd5 31. Bg4 {'[]' Dautov.} Qg5 32. Rc4 g6 (32... Qg6
$142 $5 {[%cal Gf7f5]} 33. Kh1 (33. Rg2 Qb1+ 34. Kh2 Rxa2 35. Bf2 h6 $13) (33.
Rg2 {Dautov}) 33... Qc6+ 34. Rg2 h5 (34... Rxa2 $2 35. Bf2 $18 {[%cal Gc4c8]})
35. Bxh5 Rxa2 36. Bf2 Qd5 $13) (32... f5 $2 33. Rh5 $16) 33. Rg2 Qe5 34. Bd4 {
'=' Dautov.} Qe1+ 35. Kh2 Qh4+ 36. Bh3 Qf4+ 37. Kh1 (37. Kg1 Qh4 $13) 37...
Qf1+ (37... Rd8 {Dautov} 38. Bc3 Rd1+ 39. Rg1 Rxg1+ 40. Kxg1 Qe3+ 41. Kh2 f5
$11) 38. Kh2 Qf4+ 39. Kh1 Re8 (39... Qf1+ $11 {Dautov}) 40. Bc3 Qf1+ 41. Kh2
Qd3 42. a4 $2 {[%csl Rb3]} (42. Rd2 Re2+ (42... Qe3 {Dautov} 43. a4 $13) 43.
Rxe2 Qxe2+ 44. Bg2 Qh5+ 45. Kg3 Qg5+ 46. Kf2 Qf5+ $11) 42... Qd6+ (42... Qd1 $5
$15 {[%csl Rb3]}) 43. Rg3 (43. Kh1 $2 {Dautov} Qd1+ $17) 43... h5 44. Bg2 (44.
Rd4 Qa3 (44... Re2+ 45. Bg2 Qc7 46. Rc4 (46. a5 f5 $132) 46... Qd8 47. a5 $16)
45. Bb4 Qb2+ 46. Rd2 Re2+ 47. Rxe2 Qxe2+ $13) 44... Kh7 45. Rd4 {People are
not computers!In this very difficult game it was another possibility for
Siegel to play ahead.But he decided to repeat the moves.} Qc7 {[%cal Ge8e3]}
46. Rc4 (46. Bd2 $5 $13 {[%cal Gd2f4]}) 46... Qd6 47. Rd4 (47. a5 $2 $19 Re3)
1/2-1/2

[Event "EU-chT (Men) 11th"]
[Site "Pula"]
[Date "1997.05.??"]
[Round "2.2"]
[White "Kozul, Zdenko"]
[Black "Stohl, Igor"]
[Result "1-0"]
[WhiteElo "2590"]
[BlackElo "2580"]
[Annotator "Avrukh,B"]
[PlyCount "73"]
[EventDate "1997.05.05"]
[EventType "team-swiss"]
[EventRounds "9"]
[EventCountry "CRO"]
[SourceTitle "CBM 057 Extra"]
[Source "ChessBase"]
[SourceDate "1997.05.01"]
[SourceVersion "1"]
[SourceVersionDate "1997.05.01"]
[SourceQuality "1"]
[WhiteTeam "Croatia"]
[BlackTeam "Slovakia"]
[WhiteTeamCountry "CRO"]
[BlackTeamCountry "SVK"]

1. d4 Nf6 2. Nf3 e6 3. c4 b6 4. Nc3 Bb7 5. e3 d5 6. Bd3 Nbd7 7. O-O Bd6 8. b3
O-O 9. Bb2 a6 10. Qe2 (10. Rc1 Qe7 11. cxd5 exd5 12. Ne2 Ne4 13. Bb1 Rac8 14.
Nf4 f6 15. Nh4 f5 16. Nf3 Rf6 $2 17. Ne5 Rh6 18. f3 $18 {1-0 Bukic,E-Jelen,I/
Ljubljana 1981 (26)}) 10... Ne4 11. Rad1 (11. Nd2 Nxd2 12. Qxd2 Nf6 13. Qe2 Qe7
14. Rfe1 dxc4 15. bxc4 e5 {and black has no problems. 1-0 Nei,I-Averbakh,Y/
Erevan 1965 (42)}) (11. Rfd1 Qf6 12. Nd2 Qh6 13. Nf1 f5 14. f3 Ng5 15. a4 Kh8
16. Ba3 Bxa3 17. Rxa3 f4 18. e4 c5 19. Bb1 cxd4 20. Rxd4 Qf6 21. Qf2 Ne5 $17 {
0-1 Garcia Martinez,S-Gulko,B/Cienfuegos 1976 (26)}) 11... Qe7 12. Qc2 $146 (
12. Bb1 Nxc3 13. Bxc3 Nf6 14. Ne5 dxc4 15. Nxc4 Be4 16. Bxe4 Nxe4 17. Bb2 b5
18. Ne5 c5 19. Qc2 f5 20. dxc5 Nxc5 21. g3 Rac8 $11 {1/2-1/2 Keres,P-Furman,S/
Tallinn 1971 (58)}) 12... f5 (12... Nxc3 $5 13. Bxc3 (13. Bxh7+ $2 Kh8 14. Bxc3
f5 $1 (14... g6 15. Bxg6 fxg6 16. c5 Rxf3 $1 17. cxd6 (17. gxf3 Bxh2+ $1 18.
Kg2 Qg5+ 19. Kh1 Kg7 $19) 17... Qg5 18. dxc7 Rc8 19. Bb4 $1 $44 {[%cal Gb4d6]})
15. Bg6 Qf6 (15... dxc4 16. Qe2 {[%cal Gf3e5,Ge2h5]}) 16. c5 bxc5 17. dxc5 Qxg6
18. cxd6 cxd6 $17 {[%cal Ge6e5]}) 13... Nf6 (13... h6 14. e4 $14) (13... f5 14.
cxd5 Bxd5 15. Qe2 $13 (15. e4 $2 fxe4 16. Bxe4 Rxf3 $1 $19 {[%csl Gh2][%cal
Ge7h4]})) 14. Ne5 (14. c5 $140 $2 bxc5 15. dxc5 Bxc5 16. Bxf6 gxf6 17. Bxh7+
Kg7 18. Bd3 f5 $17) 14... c5 $11) 13. Ne2 Rad8 14. Qc1 $5 (14. Ne5 $142 {
[%cal Gf2f3]} Nxe5 (14... Bxe5 15. dxe5 Ndc5 16. Ba3 $1) 15. dxe5 Bc5 16. Nd4
f4 17. f3 Ng5 ({not enough} 17... Ng3 18. hxg3 fxg3 19. Bxh7+ Kh8 20. Rfe1 Qh4
21. Nxe6 {and white wins.}) 18. h4 (18. cxd5 Bxd5) 18... dxc4 19. bxc4 Nf7 20.
Bxh7+ Kh8 21. Be4 $13) 14... dxc4 (14... c5 15. Ne5 (15. Qa1 $5) 15... Nxe5 16.
dxe5 Bc7 17. f3 Ng5 {with complicated position , where black's chances is no
worse.}) 15. bxc4 e5 (15... Ng5 16. Nxg5 (16. Nd2 e5 $36) 16... Qxg5 17. Ng3 (
17. f3 e5 $15) 17... c5 $15) (15... c5 16. Ng3 e5 {also good.}) 16. c5 $5 (16.
Qa1 exd4 (16... Rde8 $5) 17. exd4 Ndf6 18. d5 (18. Ne5 c5 19. f3 cxd4 20. Bxd4
Bc5 $1 $17) 18... c6 19. dxc6 Bxc6 20. Ned4 Bd7 21. Rfe1 Rfe8 $11) 16... bxc5
17. dxe5 Nxe5 18. Bxe5 Bxe5 19. Bc4+ Kh8 20. Nxe5 Qxe5 21. Nf4 $44 Rd6 $1 22.
f3 Nf6 (22... Nc3 23. Rde1 {[%cal Gf4e6]} (23. Rd3 Qxf4 24. Qxc3 $11)) 23. h4
$6 (23. Nd3 $142 Qe7 24. Rde1 Nd7 25. Qc3 $44 {[%csl Ga6,Gc5,Gc7]}) 23... Re8 (
23... Rfd8 24. Rd3 Rxd3 25. Nxd3 Qe7 26. Nf4 $44 {[%cal Gf4e6]}) (23... Nd7 $1
{[%cal Ge5e7,Gd7e5,Gd7b6]} 24. Ne6 Rxe6 25. Rxd7 Re7 26. Rd3 (26. Rfd1 Rxd7 27.
Rxd7 Bc6 28. Rd3 Qg3 $17) 26... Qf6 27. g3 Rfe8 28. Rb3 Ba8 $15) 24. Kf2 Qe7 (
24... Nd5 $5 25. Bxd5 Bxd5 26. Qxc5 Bxa2 27. Qxe5 Rxe5 28. Rxd6 cxd6 29. Rd1 d5
30. Rd4 {[%cal Gf4d3,Gd3b4]} g6 (30... Bc4 31. Nxd5 (31. h5 $5) 31... Bxd5 32.
f4 $11) 31. Nd3 Re6 32. Nb4 $11) 25. Rh1 {[%cal Gh4h5,Gf4g6]} g6 $2 ({After
the right} 25... Nd7 {[%cal Gd7e5]} 26. Rxd6 (26. h5 Ne5 27. Be2 c4 $17) 26...
cxd6 27. Be6 Ne5 (27... Rf8 28. Qb1) 28. Bxf5 d5 29. h5 {A sharp position with
chances on both dides would have arisen.}) 26. Qc3 Qe5 (26... Red8 27. Rxd6
cxd6 28. h5 Qe5 (28... gxh5 29. Nxh5 Rf8 30. Nf4 Qg7 {[%csl Gc3][%cal Gf6g4,
Gf6e4]} 31. Qd2 $16) (28... g5 29. Ng6+ $1 hxg6 30. hxg6+ Kg7 31. Rh7+ $18) 29.
Qb3 $16) 27. Qxe5 Rxe5 28. Rxd6 (28. Nd3 Re7 29. Nxc5 Rc6) 28... cxd6 29. Rb1
d5 30. Be2 Re7 (30... Bc8 $2 31. Nd3) 31. Rb6 Ne8 $2 (31... Nh5 32. Ne6 (32.
Nxh5 gxh5 33. Rf6 (33. Bxa6 Bxa6 34. Rxa6 d4 $11)) (32. Nd3 f4) 32... c4 33.
Nc5 Bc8 34. Rb8 (34. Rd6 Rc7 35. Rxd5 c3) 34... Re8 (34... Rc7 $2 35. Nxa6 Rc6
36. Nb4 Rc5 37. Nxd5 c3 (37... Kg7 38. Nc3 $16) 38. Nxc3 Rxc3 39. Ba6 Rc2+ 40.
Kg1 Rxa2 41. Bxc8 $16) 35. Nxa6 Bd7 36. Rxe8+ Bxe8 37. Nc5 Kg7 38. a4 Kf6 39.
a5 Ke7 $132) 32. Bxa6 Bxa6 33. Rxa6 Nc7 (33... d4 34. exd4 cxd4 35. Re6 $1 $18)
34. Rc6 (34. Rxg6 Rxe3 35. Rc6 Re7 36. Rxc5 $18) 34... d4 (34... c4 35. Rxg6 (
35. a4) 35... Rxe3 36. Kxe3 hxg6 37. Nxg6+ Kg7 38. Nf4 Kf6 39. Kd4 $18) 35.
exd4 cxd4 36. Rxg6 $1 Nb5 (36... Rd7 37. Rc6 (37. Rb6 {[%cal Gf2e2,Ge2d3,Gb6b7]
} d3 38. Ke1 Nd5 39. Rb8+ Kg7 40. Nxd3 Nc3 41. Kd2 Nxa2 42. Rb3 $16 {[%csl Ga2]
} (42. Rb2 Nc1 $11)) (37. Rf6 d3 38. Ke1 Nd5 39. Nxd5 Rxd5 40. Kd2 Ra5 41. Kxd3
Kg7 $11 (41... Rxa2 42. Rf8+ $1 Kg7 43. Rxf5 $18)) 37... Nd5 (37... d3 38. Nxd3
Rxd3 39. Rxc7 Rd2+ 40. Kg3 Rxa2 41. Rf7 Ra5 42. Kf4 {and white wins.}) 38. Ne6
(38. Rc8+ Kg7 39. Ne6+ Kf7 40. Nxd4 Nb6 41. Rb8 Rxd4 42. Rxb6 Rd2+ {with
theoretical draw.}) 38... Ne7 39. Rc4 $1 (39. Rc7 Rxc7 40. Nxc7 Nc6 41. Ke2 Kg7
42. a4 Kf6 43. Kd3 Ke5 $132) 39... d3 40. Rd4 {and white wins easily.}) 37. Rb6
{black resigned in view of 37...Nc3 38Ne6-Kg8 39Nd4-Na2 40Nf5, or 37...Re5
38Nh5!-Nc7 39Rb4 and black losing d4-pawn.} 1-0